000 01309cam a22003015a 4500
001 17554160
005 20161215112807.0
008 121207s2014 enka frb 001 0 eng d
020 _a9780415519601 (set : alk. paper)
020 _a9780415528399 (v. 1 : alk. paper)
020 _a9780415528405 (v. 2 : alk. paper)
020 _a9780415528412 (v. 3 : alk. paper)
020 _a9780415528429 (v. 4 : alk. paper)
040 _aDLC
_beng
_cDLC
_dDLC
_dEG-ScBUE
082 0 4 _a330.088297
_222
_bISL
130 0 _aIslamic economics (2014)
245 0 0 _aIslamic economics :
_bcritical concepts in economics /
_cedited by Shafiq Alvi and Amer Al-Roubaie.
260 _aOxon ;
_aNew York :
_bRoutledge / Taylor & Francis Group,
_c2014.
300 _a4 v. ;
_bill. ;
_c24 cm.
504 _aIncludes bibliographical references and index.
505 0 _av. 1. Evolution of Islamic economics -- v. 2. Islamic economics : philolsophical foundation -- v.3. Islamic economics : theories and market structure -- v. 4. Islamic economics : micro and macro foundations.
650 7 _aEconomics
_xReligious aspects
_xIslam.
_2BUEsh
_933913
650 7 _aIslam
_xEconomic aspects.
_2BUEsh
_935915
653 _bBUSECO
_cDecember2016
700 1 _aAlvi, Shafiq,
_eeditor.
700 1 _aAl-Roubaie, Amer,
_eeditor.
942 _2ddc
999 _c23578
_d23550